<?xml version="1.0" encoding="UTF-8"?><?xml-stylesheet type="text/xsl" href="static/style.xsl"?><OAI-PMH xmlns="http://www.openarchives.org/OAI/2.0/" xmlns:xsi="http://www.w3.org/2001/XMLSchema-instance" xsi:schemaLocation="http://www.openarchives.org/OAI/2.0/ http://www.openarchives.org/OAI/2.0/OAI-PMH.xsd"><responseDate>2026-04-17T16:59:03Z</responseDate><request verb="GetRecord" identifier="oai:www.recercat.cat:10459.1/48790" metadataPrefix="marc">https://recercat.cat/oai/request</request><GetRecord><record><header><identifier>oai:recercat.cat:10459.1/48790</identifier><datestamp>2024-12-05T23:08:34Z</datestamp><setSpec>com_2072_3622</setSpec><setSpec>col_2072_478537</setSpec></header><metadata><record xmlns="http://www.loc.gov/MARC21/slim" xmlns:dcterms="http://purl.org/dc/terms/" xmlns:xsi="http://www.w3.org/2001/XMLSchema-instance" xmlns:doc="http://www.lyncode.com/xoai" xsi:schemaLocation="http://www.loc.gov/MARC21/slim http://www.loc.gov/standards/marcxml/schema/MARC21slim.xsd">
   <leader>00925njm 22002777a 4500</leader>
   <datafield ind2=" " ind1=" " tag="042">
      <subfield code="a">dc</subfield>
   </datafield>
   <datafield ind2=" " ind1=" " tag="720">
      <subfield code="a">Teixidó Aguiló, Anna</subfield>
      <subfield code="e">author</subfield>
   </datafield>
   <datafield ind2=" " ind1=" " tag="260">
      <subfield code="c">2015-10-08T09:25:31Z</subfield>
   </datafield>
   <datafield ind2=" " ind1=" " tag="260">
      <subfield code="c">2015-10-08T09:25:31Z</subfield>
   </datafield>
   <datafield ind2=" " ind1=" " tag="260">
      <subfield code="c">2015</subfield>
   </datafield>
   <datafield ind2=" " ind1=" " tag="520">
      <subfield code="a">En el presente estudio se evaluó el uso de recubrimientos comestibles a base de alginato sódico al 2% que incluían nanopartículas lipídicas de aceite de maíz enriquecido con β-caroteno y α-tocoferol al 0,5%, en pera Conference fresca cortada, jamón de pavo y queso bajo en grasa. El estudio pretendía caracterizar fisicoquímicamente las nanoemulsiones para su posterior aplicabilidad como recubrimiento comestible y sistema eficiente de suministro de sustancias activas liposolubles. Los resultados obtenidos en la caracterización de la nanoemulsión y durante el proceso digestivo “in vitro” fueron analizados estadísticamente, aplicándose un análisis de varianza a un nivel de significación del 5%. &#xd;
El proceso de microfluidización proporcionó una nanoemulsión con unas características de tamaño de partícula, homogeneidad, carga eléctrica y viscosidad adecuadas para la encapsulación de β-caroteno y α-tocoferol y para su aplicación alimentaria. La digestibilidad de la nanoemulsión fue parecida en todas las matrices, aunque la bioaccesibilidad de β-caroteno y α-tocoferol en pera fresca cortada fue superior. La falta de concordancia con la literatura citada, sugiere que deberían implantarse cambios en el entorno digestivo y en el tipo de aceite usado en la formulación del recubrimiento comestible.  Aún así, se obtuvo información valiosa sobre la aplicabilidad de nanoemulsiones capaces de subministrar lípidos activos.</subfield>
   </datafield>
   <datafield ind1="8" ind2=" " tag="024">
      <subfield code="a">http://hdl.handle.net/10459.1/48790</subfield>
   </datafield>
   <datafield tag="653" ind2=" " ind1=" ">
      <subfield code="a">Recubrimientos comestibles</subfield>
   </datafield>
   <datafield tag="653" ind2=" " ind1=" ">
      <subfield code="a">Nanoemulsión</subfield>
   </datafield>
   <datafield tag="653" ind2=" " ind1=" ">
      <subfield code="a">Betacaroteno</subfield>
   </datafield>
   <datafield tag="653" ind2=" " ind1=" ">
      <subfield code="a">Vitamina E</subfield>
   </datafield>
   <datafield tag="653" ind2=" " ind1=" ">
      <subfield code="a">Tecnologia dels aliments</subfield>
   </datafield>
   <datafield tag="653" ind2=" " ind1=" ">
      <subfield code="a">Vitamina E</subfield>
   </datafield>
   <datafield ind2="0" ind1="0" tag="245">
      <subfield code="a">Uso de nanoemulsiones enriquecidas en betacaroteno y vitamina E como recubrimientos comestibles: estudio de la bioaccesibilidad de sustancias activas</subfield>
   </datafield>
</record></metadata></record></GetRecord></OAI-PMH>